| 000 | 00584nam a22001817a 4500 | ||
|---|---|---|---|
| 999 |
_c167749 _d167749 |
||
| 005 | 20190918144724.0 | ||
| 010 | _aENG-126486 | ||
| 020 |
_c150.00 _a9789381841945 |
||
| 035 | _aEN-110018 | ||
| 037 | _bDBAD/PUB | ||
| 082 | _a170 | ||
| 100 | _aChanakya | ||
| 245 |
_aChanakya Neeti : _cBy Chanakya _bWith complete sutras / |
||
| 260 |
_aNew Delhi _bGrapevine India Publishers _c2018 |
||
| 270 |
_bNew Delhi _a16 ,Shanti Mohan House ,Ansari Road ,Darya Ganj _e110002 _mgrapevineindiapublishers@gmail.com |
||
| 300 |
_a266p. _c20cm(pbk) |
||
| 942 |
_2ddc _cEN _h170 _mCHA |
||